[Event "EU-ch U10 27th"]
[Site "Mamaia"]
[Date "2017.09.07"]
[Round "3"]
[White "Saprykin, Aleksey"]
[Black "Miron, Iurii"]
[Result "1/2-1/2"]
[WhiteElo "1317"]
[BlackElo "1594"]
[PlyCount "135"]
[EventDate "2017.09.05"]
[EventType "swiss"]
[EventRounds "9"]
[EventCountry "ROU"]
[SourceTitle "CBM 180 Extra"]
[Source "ChessBase"]
[SourceDate "2017.10.06"]
[SourceVersion "1"]
[SourceVersionDate "2017.10.06"]
[SourceQuality "1"]

1. Nf3 Nf6 2. c4 c5 3. Nc3 Nc6 4. g3 g6 5. Bg2 Bg7 6. 0-0 0-0 7. d4 cxd4 8. Nxd4 Nxd4 9. Qxd4 d6 10. Qd3 Nd7 11. Bf4 Ne5 12. Bxe5 Bxe5 13. Rfd1 Bf5 14. Be4 Bxe4 15. Nxe4 Qc7 16. Rd2 Rac8 17. Rc1 Rfd8 18. Rcc2 h6 19. b3 Qa5 20. Nc3 Bxc3 21. Qxc3 Qxc3 22. Rxc3 b5 23. c5 Rc7 24. b4 Rdc8 25. Rd5 Rc6 26. Kg2 e6 27. Rxd6 Kf8 28. Rxc6 Rxc6 29. Kf3 Ke7 30. Ke4 f6 31. g4 Rc7 32. Rd3 Rc6 33. f4 Ra6 34. a3 Ra4 35. c6 Ra6 36. Rd7+ Ke8 37. Rh7 Rxc6 38. Rxa7 Rc1 39. Kf3 Rc3+ 40. e3 Rc2 41. Ra5 Ra2 42. h4 Kd7 43. Rxb5 Rxa3 44. Rb7+ Ke8 45. b5 Rb3 46. b6 Kd8 47. Rh7 Rxb6 48. Rxh6 Ke8 49. Rxg6 Kf7 50. h5 Rb1 51. g5 fxg5 52. fxg5 Rh1 53. Rh6 Rd1 54. Rh7+ Kg8 55. g6 Rg1 56. e4 e5 57. Ke2 Rg4 58. Kd3 Rh4 59. Rf7 Rxh5 60. Rf5 Rh6 61. Kc4 Rxg6 62. Kd5 Rh6 63. Rxe5 Kf8 64. Rf5+ Ke8 65. Rf1 Ra6 66. Re1 Ra5+ 67. Kd4 Ra4+ 68. Ke3 1/2-1/2

[Event "EU School-ch U11"]
[Site "Budva"]
[Date "2017.06.11"]
[Round "1.2"]
[White "Akin, Yagiz Cinar"]
[Black "Saprykin, Aleksey"]
[Result "1-0"]
[WhiteElo "1824"]
[BlackElo "1391"]
[PlyCount "46"]
[EventDate "2017.06.11"]
[EventType "swiss"]
[EventRounds "9"]
[EventCountry "MNE"]
[SourceTitle "EXT 2024"]
[Source "ChessBase"]
[SourceDate "2023.10.10"]
[SourceVersion "1"]
[SourceVersionDate "2023.10.10"]
[SourceQuality "1"]

1. e4 c5 2. Nf3 d6 3. Bb5+ Bd7 4. Bxd7+ Qxd7 5. c4 Nc6 6. d4 cxd4 7. Nxd4 Nf6 8. Nc3 g6 9. h3 Bg7 10. Be3 0-0 11. 0-0 Rac8 12. b3 Rfd8 13. Qd2 h5 14. Rad1 Kh7 15. Rfe1 Nb8 16. Qc2 Na6 17. Qb1 Nc5 18. Rd2 b6 19. Red1 Qb7 20. f3 a6 21. a4 Kg8 22. Nde2 Rd7 23. Qa2 Qc7 1-0